| 000 | 00465nam a22001697a 4500 | ||
|---|---|---|---|
| 005 | 20240109143300.0 | ||
| 008 | 190606b xxu||||| |||| 00| 0 eng d | ||
| 020 | _a978-93-87397-54-5 | ||
| 041 | _aeng | ||
| 100 |
_aBHISE, DR. S.B.,BHEIS,M.S AND NAVALE,DR. ARCHANA M. _98356 |
||
| 245 | _aPATHOPHYSIOLOGY FOR PHARMACISTS (SEM-II) | ||
| 250 | _a3rd, Ed.2019 | ||
| 260 |
_aPUNE _bNIRALI PRAKASHAN |
||
| 300 | _aI.2p, | ||
| 650 |
_aPHARMACY _xD.PHARMA |
||
| 942 | _cBK | ||
| 999 |
_c5951 _d5949 |
||